مبادىء الإحصاء الوصفي / (رقم التسجيلة. 34623)

تفاصيل مارك
000 -LEADER
fixed length control field 00524nam a22001817a 4500
005 - DATE AND TIME OF LATEST TRANSACTION
control field 20251108165918.0
008 - FIXED-LENGTH DATA ELEMENTS--GENERAL INFORMATION
fixed length control field 250721s2000 xx 000 0 ara d
020 ## - INTERNATIONAL STANDARD BOOK NUMBER
International Standard Book Number 9957071793
082 14 - DEWEY DECIMAL CLASSIFICATION NUMBER
Classification number 519.53/علي
100 1# - MAIN ENTRY--PERSONAL NAME
Personal name أبو علي، فاتن عبد الحليم
245 10 - TITLE STATEMENT
Title مبادىء الإحصاء الوصفي /
264 1# - PRODUCTION, PUBLICATION, DISTRIBUTION, MANUFACTURE, AND COPYRIGHT NOTICE
Place of production, publication, distribution, manufacture عمان :
Name of producer, publisher, distributor, manufacturer دار الفكر،
Date of production, publication, distribution, manufacture, or copyright notice 2000.
300 ## - PHYSICAL DESCRIPTION
Extent 208ص
650 17 - SUBJECT ADDED ENTRY--TOPICAL TERM
Topical term or geographic name as entry element الإحصاء الوصفي
650 17 - SUBJECT ADDED ENTRY--TOPICAL TERM
Topical term or geographic name as entry element الوسط الحسابي
942 ## - ADDED ENTRY ELEMENTS (KOHA)
Source of classification or shelving scheme Dewey Decimal Classification
Koha item type كتب
المقتنيات
حالة السحب حالة الفقدان مصدر التصنيف حالة التلف غير قابل للإعارة المكتبة الرئيسية المكتبة الحالية موقع الرف تاريخ التزويد الرقم المتسلسل Total Checkouts رقم الإستدعاء الباركود تاريخ آخر ظهور تاريخ الفاتورة نوع المادة (كوها)
    Dewey Decimal Classification     المكتبة المركزية المكتبة المركزية الإعارة 06/07/2004 425282   519.53/علي 425282 28/07/2025 06/07/2004 كتب
    Dewey Decimal Classification     مكتبة أبو علندا العامة مكتبة أبو علندا العامة الإعارة 04/01/2009 425304   519.53/علي PLD00061252 28/07/2025 04/01/2009 كتب
    Dewey Decimal Classification     مكتبة حمزة العامة مكتبة حمزة العامة الإعارة 06/07/2004 425301   519.53/علي 425301 28/07/2025 06/07/2004 كتب
    Dewey Decimal Classification     مكتبة صويلح العامة مكتبة صويلح العامة الإعارة 15/05/2019 425296   519.53/علي PLD00452982 28/07/2025 15/05/2019 كتب
    Dewey Decimal Classification     مكتبة وادي السير العامة مكتبة وادي السير العامة الإعارة 25/08/2008 425305   519.53/علي PLD00037191 28/07/2025 25/08/2008 كتب
Implemented & Customized by: BBB with SCIT (Smart Chains for Information Technology)

Powered by Koha